| 000 | 00774nam a2200205 i 4500 | ||
|---|---|---|---|
| 001 | 37070 | ||
| 003 | ES-MaACL | ||
| 005 | 20230906155510.0 | ||
| 007 | t| | ||
| 008 | 030220s1964 sp ||||1| spa d | ||
| 100 | 1 |
_aBruni, Giuseppe. _932182 |
|
| 245 | 1 | 0 |
_aQuímica general / _cGiuseppe Bruni ; XII edición [italiana] recopilada y corregida por Giorgio Renato Levi y Mario Alberto Rollier ; traducción por Fernando Fernández Porras. |
| 260 |
_aBarcelona, etc. : _bEd. Hispano Americana, _c[1964] |
||
| 300 |
_aXXIV, 391 p. : _bil. ; _c24 cm. |
||
| 700 | 1 |
_aLevi, Giorgio Renato. _971950 |
|
| 700 | 1 |
_aRollier, Mario Alberto. _999188 |
|
| 700 | 1 |
_aFernández Porras, Fernando. _950007 |
|
| 852 |
_aES-MaACL _jC-27181 _bR.56126 |
||
| 852 |
_aES-MaACL _jC-26709 _bR.55908 |
||
| 999 |
_c37070 _d37070 |
||